Estado y nación en Europa
Gespeichert in:
| 1. Verfasser: | |
|---|---|
| Format: | Buch |
| Sprache: | Spanisch |
| Veröffentlicht: |
Barcelona
Crítica
1997
|
| Schriftenreihe: | La Construcción de Europa
|
| Schlagworte: | |
| Tags: |
Tag hinzufügen
Keine Tags, Fügen Sie den ersten Tag hinzu!
|
MARC
| LEADER | 00000nam a2200000 a 4500 | ||
|---|---|---|---|
| 001 | UCN2905 | ||
| 003 | CL-VaPUC | ||
| 008 | 010615e19970000SP |||||||||||||||||spa|d | ||
| 082 | 0 | 4 | |a 320.094 |b SCH |2 21 |
| 100 | 0 | |a Schulze, Hagen |e author |9 459176 | |
| 245 | 1 | 0 | |a Estado y nación en Europa |
| 300 | |a 295 p | ||
| 942 | |c BK | ||
| 945 | |d 20010615 00:00:00 |a cmena | ||
| 260 | |a Barcelona |b Crítica |c 1997 | ||
| 650 | 7 | |a HISTORIA POLITICA EUROPEA |2 CL-VaPUC |9 459177 | |
| 650 | 0 | |a Ideologías políticas |9 255735 | |
| 650 | 7 | |a FILOSOFIA POLITICA |2 CL-VaPUC |9 459178 | |
| 650 | 7 | |a NACIONALISMO |2 CL-VaPUC |9 459179 | |
| 651 | 0 | |a Europa |9 255156 | |
| 583 | |a last modification |c 20010615 00:00:00 |k Rodrigo Vera | ||
| 490 | 0 | |a La Construcción de Europa | |
| 999 | |c 295924 |d 295922 | ||
| 952 | |0 0 |1 0 |4 0 |6 320_094000000000000_SCH_1997 |7 0 |8 A |9 349367 |a BIBHIS |b BIBHIS |d 2019-11-20 |i 3709922 |l 1 |m 2 |o 320.094 SCH 1997 |p 3709922 |r 2025-01-20 |s 2022-08-18 |w 2019-11-20 |y BK |k HIS | ||